000 00663nam a2200181Ia 4500
008 100920s9999 xx 000 0 und d
082 _b73171
_a--- थ 99
100 _aअनु. भावे अपर्णा/.गार्डनर अर्ल स्टॅनले
245 _aपछाडलेला नवरा.
260 _bनिशिगंधा प्रकाशन, पुणे.
_c1999
300 _a184
_bसाधी
365 _b160
520 _aकादंबरी.
630 _aपछाडलेला नवरा.
650 _aकादंबरी.
730 _aपछाडलेला नवरा.
942 _cBOOK
999 _c714873
_d714870